000 00533nam a2200181Ia 4500
003 GCL
008 140319s9999 xx 000 0 ara d
040 _aGCL /
_cGCL
082 0 4 _a831
_bهـ ا
100 1 _aهيدجر ، مارتن
245 1 0 _aانشاد المنادى: قراءة فى شعر هولدرلن وتراكل /
_cهيدجر ، مارتن
700 1 _aبسام حجار
300 _a181 ص
490 _a
650 0 4 _aالادب الالمانى
650 0 4 _aالشعر الالمانى
942 _2ddc
_cBK
999 _c37854
_d37854